Personnages d'anime en images - E - Statistiques

Statistiques générales
  • Ce quiz a été pris 519 fois
  • Le résultat moyen est 6 sur 16
Statistiques - réponses
Par images Réponse % Correct
Eren Jäger
98%
Edward Elric
81%
Erwin Smith
77%
Escanor
76%
Ener
66%
Ebisu
46%
Erina Nakiri
32%
Emilia
28%
Esdeath
28%
Enmu
24%
Ein
13%
Einar
9%
Esidisi
9%
Eto Yoshimura
5%
Euphemia Li Britannia
5%
Excel
1%
Aucun quiz correspondant
Distribution des résultats
% des personnes avec chaque résultat
Percentile par nombre de réponses
Votre historique - résultats
Vous n’avez pas pris ce quiz